<?xml version="1.0" encoding="UTF-8"?>
<record
    xmlns:xsi="http://www.w3.org/2001/XMLSchema-instance"
    xsi:schemaLocation="http://www.loc.gov/MARC21/slim http://www.loc.gov/standards/marcxml/schema/MARC21slim.xsd"
    xmlns="http://www.loc.gov/MARC21/slim">

  <leader>00731nam a22002417a 4500</leader>
  <controlfield tag="003">UA-OsUOA</controlfield>
  <controlfield tag="001"> 60488 </controlfield>
  <controlfield tag="007">ta</controlfield>
  <controlfield tag="008">20090521b un ||||| |||| 00| 0 ukr d</controlfield>
  <datafield tag="090" ind1=" " ind2=" ">
    <subfield code="a">061.12(091)(477)</subfield>
    <subfield code="b">&#x418;90</subfield>
  </datafield>
  <datafield tag="942" ind1=" " ind2=" ">
    <subfield code="c">BK</subfield>
  </datafield>
  <datafield tag="040" ind1=" " ind2=" ">
    <subfield code="a">UA-OsUOA</subfield>
    <subfield code="b">ukr</subfield>
    <subfield code="c">UA-OsUOA</subfield>
    <subfield code="d">UA-OsUOA</subfield>
  </datafield>
  <datafield tag="245" ind1=" " ind2=" ">
    <subfield code="a">&#x406;&#x441;&#x442;&#x43E;&#x440;&#x456;&#x44F; &#x41D;&#x430;&#x446;&#x456;&#x43E;&#x43D;&#x430;&#x43B;&#x44C;&#x43D;&#x43E;&#x457; &#x410;&#x43A;&#x430;&#x434;&#x435;&#x43C;&#x456;&#x457; &#x41D;&#x430;&#x443;&#x43A; &#x423;&#x43A;&#x440;&#x430;&#x457;&#x43D;&#x438; (1941-1945)</subfield>
    <subfield code="b">&#x414;&#x43E;&#x43A;&#x443;&#x43C;&#x435;&#x43D;&#x442;&#x438; &#x456; &#x43C;&#x430;&#x442;&#x435;&#x440;&#x456;&#x430;&#x43B;&#x438;</subfield>
    <subfield code="c">&#x432;&#x456;&#x434;&#x43F;. &#x440;&#x435;&#x434;. &#x41E;. &#x421;. &#x41E;&#x43D;&#x438;&#x449;&#x435;&#x43D;&#x43A;&#x43E;</subfield>
  </datafield>
  <datafield tag="300" ind1=" " ind2=" ">
    <subfield code="a">808 &#x441;.</subfield>
  </datafield>
  <datafield tag="955" ind1=" " ind2=" ">
    <subfield code="a">1</subfield>
  </datafield>
  <datafield tag="041" ind1=" " ind2=" ">
    <subfield code="a">ukr</subfield>
  </datafield>
  <datafield tag="080" ind1=" " ind2=" ">
    <subfield code="a">061.12(091)(477)</subfield>
  </datafield>
  <datafield tag="020" ind1=" " ind2=" ">
    <subfield code="a">978-966-02-4255-5</subfield>
  </datafield>
  <datafield tag="260" ind1=" " ind2=" ">
    <subfield code="a">&#x41A;.</subfield>
    <subfield code="b">&#x41D;&#x411;&#x423;&#x412;</subfield>
    <subfield code="c">2007</subfield>
  </datafield>
  <datafield tag="246" ind1="3" ind2="1">
    <subfield code="a">1</subfield>
    <subfield code="n"></subfield>
  </datafield>
  <datafield tag="650" ind1=" " ind2="7">
    <subfield code="a">0 &#x417;&#x430;&#x433;&#x430;&#x43B;&#x44C;&#x43D;&#x438;&#x439; &#x432;&#x456;&#x434;&#x434;&#x456;&#x43B;.</subfield>
    <subfield code="2">UDC</subfield>
  </datafield>
  <datafield tag="999" ind1=" " ind2=" ">
    <subfield code="c">346488</subfield>
    <subfield code="d">346488</subfield>
  </datafield>
  <datafield tag="952" ind1=" " ind2=" ">
    <subfield code="0">0</subfield>
    <subfield code="1">0</subfield>
    <subfield code="2">udc</subfield>
    <subfield code="4">0</subfield>
    <subfield code="7">0</subfield>
    <subfield code="a">102</subfield>
    <subfield code="b">102</subfield>
    <subfield code="d">2009-05-21</subfield>
    <subfield code="e">84/2009</subfield>
    <subfield code="g">52.70</subfield>
    <subfield code="i">121070</subfield>
    <subfield code="l">0</subfield>
    <subfield code="o">061.12(091)(477) &#x418;90</subfield>
    <subfield code="p">121070</subfield>
    <subfield code="r">2021-12-02 00:00:00</subfield>
    <subfield code="w">2009-05-21</subfield>
    <subfield code="y">BK</subfield>
  </datafield>
  <datafield tag="952" ind1=" " ind2=" ">
    <subfield code="0">0</subfield>
    <subfield code="1">0</subfield>
    <subfield code="2">udc</subfield>
    <subfield code="4">0</subfield>
    <subfield code="7">0</subfield>
    <subfield code="a">102</subfield>
    <subfield code="b">102</subfield>
    <subfield code="d">2014-06-24</subfield>
    <subfield code="e">24/2014</subfield>
    <subfield code="g">53.00</subfield>
    <subfield code="i">145873</subfield>
    <subfield code="l">0</subfield>
    <subfield code="o">061.12(091)(477) &#x418;90</subfield>
    <subfield code="p">145873</subfield>
    <subfield code="r">2021-12-02 00:00:00</subfield>
    <subfield code="w">2009-05-21</subfield>
    <subfield code="y">BK</subfield>
  </datafield>
</record>
